Actio pro socio s cudzím prvkom

Actio pro socio predstavuje právny mechanizmus, prostredníctvom ktorého spoločníci uplatňujú v mene spoločnosti nároky, ktoré má spoločnosť voči svojmu štatutárnemu orgánu alebo inej osobe (spoločníkovi). Podstata mechanizmu actio pro socio.

Salvato in:
Dettagli Bibliografici
Autore principale: Gregová Širicová, Ľubica
Natura: Capitolo di libro
Lingua:slovacco
Soggetti:
Tags: Aggiungi Tag
Nessun Tag, puoi essere il primo ad aggiungerne!!

MARC

LEADER 00000naa a2200000 4500
001 0192547
005 20231208100545.5
041 0 |a slo 
044 |a SK 
245 1 0 |a Actio pro socio s cudzím prvkom  |c Ľubica Gregová Širicová 
520 |a Actio pro socio predstavuje právny mechanizmus, prostredníctvom ktorého spoločníci uplatňujú v mene spoločnosti nároky, ktoré má spoločnosť voči svojmu štatutárnemu orgánu alebo inej osobe (spoločníkovi). Podstata mechanizmu actio pro socio. 
610 2 0 |a spoločnosti obchodné 
610 2 0 |a kompetencie 
610 2 0 |a právomoc 
610 2 0 |a orgány štatutárne 
610 2 0 |a právo obchodné 
100 1 |a Gregová Širicová, Ľubica